Niemczyzna górnośląska

Titel: Niemczyzna górnośląska : Próba bilansu
Verfasser:
In: Kultura - literatura - język, (2007), Seite 886-895
alle Artikel anzeigen
Veröffentlicht: 2007
Format: Aufsatz
Sprache: Deutsch
Kein Bild verfügbar
X
alg: 39460334
001A    $01999:12-11-16 
001B    $01999:08-04-21 $t21:10:59.000 
001D    $01999:12-11-16 
001U    $0utf8 
001X    $00 
002@    $0Aox 
003@    $0394603346 
007A    $0394603346 $aHEB 
007T    $0Herdww046085 
010@    $ager 
011@    $a2007 
021A    $aNiemczyzna górnośląska $dPróba bilansu 
028A    $aLasatowicz $dMaria Katarzyna 
031A    $h886-895 $j2007 
039B    $aIn $8--Aau--. Kultura - literatura - język. - Warszawa : Instytut Germanistyki, 2007. - 991 S.. - ISBN 83-89919-05-2 $x200700000000000114 $9204527627 
045F    $a900.94380904 $eDDC23BSB 
045F/01 $a900 
045F/03 $f0904 
045F/03 $g438 
045F/03 $g4385 

lok: 39460334 78

exp: 39460334 78 1 #EPN
201B/01 $018-09-18 $t22:51:10.000 
201U/01 $0utf8 
203@/01 $0790713780 
208@/01 $a12-11-16 $be 
209A/01 $a/ $f000 $x00 
220C/01 $aTitelaufnehmer: BN 
220C/01 $aHerkunft: IH UWr 
244Z/01 $2Trx $#Silesia $#Śląsk $#Sliezsko $#Slezsko $8--Trx--Schlesien $x01 $9391173987 
244Z/01 $2Trx $#Poola $#Lenkija $#Polija $#Polen Land $#Poland $#Lengyelország $#Poľsko $#Polsko $8--Trx--Polska$gkraj $x02 $9391345966 
244Z/01 $#Oberschlesien $#Górny Śla̜sk $#Horní Slezsko $74042978-7 $8--Tg1--Oberschlesien $x03 $9085119679 
244Z/01 $aGeschichte 1945-1990 $x04 
244Z/01 $2Trx $#vähemused, rahvuslikud $#tautinės mažumos $#minorities, national $#kisebbségek, nemzeti $#mniejszości narodowe $#menšiny národnostné $#menšiny národnostní $#Minderheiten, sprachliche $#menšiny, jazykové $8--Trx--Minderheiten, nationale $x05 $9391373978 
244Z/01 $apogranicze językowe $x06 
244Z/01 $2Trx $#keeleteadus $#kalbotyra $#Linguistics $#nyelvtudomány $#językoznawstwo $#jazykoveda $#jazykověda $#Linguistik $#lingvistika $8--Trx--Sprachwissenschaft $x07 $939137124X 
244Z/01 $2Trx $#sakslased $#vokiečiai $#Germans $#németek $#Niemcy narodowość $#Nemci $#Němci $8--Trx--Deutsche $x08 $9391356801 
244Z/01 $2Trx $8--Trx--Einzelbeiträge $x09 $9391384570 
245Z/01 $a06.04.01 $x01 
247C/01 $82080>Marburg/Lahn, Herder-Institut, Forschungsbibliothek, Bibliographieportal $9336309341
LEADER 00000caa a22000002c 4500
001 394603346
003 DE-603
005 20210408211059.0
007 tu
008 161112s2007 xx |||| | u00||u|ger c
035 |a (DE-599)HEB394603346 
040 |a DE-603  |b ger  |c DE-603  |d DE-603 
041 |a ger 
082 0 4 |8 1\u  |a 900.94380904  |q DE-101  |2 23/BSB 
085 |8 1\u  |b 900 
085 |8 1\u  |z 1  |s 0904 
085 |8 1\u  |z 2  |s 438 
085 |8 1\u  |z 2  |s 4385 
100 1 |a Lasatowicz, Maria Katarzyna 
245 0 0 |a Niemczyzna górnośląska  |b Próba bilansu 
264 0 |c 2007 
773 0 8 |i In  |t Kultura - literatura - język  |d Warszawa : Instytut Germanistyki, 2007  |h 991 S., 25 cm  |z 8389919052  |g (2007), Seite 886-895  |w (DE-603)204527627 
924 0 |9 2080  |a (DE-603)790713780  |b DE-2080  |c HES  |d d  |g /